000 00494nam a2200181Ia 4500
005 20250326125832.0
008 250326s9999 xx 000 0 und d
037 _aTextbook
040 _aFMSL
_beng
_cFMSL
041 _aeng
_2eng
084 _aB281obD N5
_qFMSL
100 _aGuttman I
_9739788
245 0 _aIntroduetory engineering statisties
_cGuttman I
260 _aNY
_bNY, John Wiley
_c1965
300 _a340p
942 _cTB
_hB281obD N5
999 _c1279798
_d1279798